[Event "Scarborough CC Falling Leaves"]
[Site "Toronto CAN"]
[Date "2017.11.02"]
[Round "1.2"]
[White "Zheng, Kevin"]
[Black "Li, William"]
[Result "0-1"]
[WhiteElo "1980"]
[BlackElo "2209"]
[WhiteFideId "-1"]
[WhiteFideId "-1"]
[PlyCount "62"]
[GameId "2160767908317378"]
[EventDate "2017.11.02"]
[EventType "swiss"]
[EventRounds "7"]
[EventCountry "CAN"]
[SourceTitle "hb 2017"]

1. d4 Nf6 2. c4 e6 3. Nf3 b6 4. a3 Ba6 5. e3 d5 6. Qc2 Nbd7 7. b4 c5 8. b5 Bb7 9. Bb2 Rc8 10. Nbd2 Be7 11. Be2 O-O 12. O-O Qc7 13. Rac1 Bd6 14. Rfd1 Ne4 15. h3 f5 16. Nxe4 fxe4 17. Ng5 Bh2+ 18. Kh1 Rxf2 19. Rf1 Rcf8 20. Rxf2 Rxf2 21. Rf1 Rxf1+ 22. Bxf1 Nf8 23. Qf2 Bg3 24. Qe2 h6 25. dxc5 Be5 26. Nxe6 Nxe6 27. Qg4 Bxb2 28. Qxe6+ Qf7 29. Qxf7+ Kxf7 30. c6 Bc8 31. a4 d4 0-1

[Event "Scarborough CC Falling Leaves"]
[Site "Toronto CAN"]
[Date "2017.11.02"]
[Round "1.3"]
[White "Southam, David"]
[Black "Ning, Eric"]
[Result "1-0"]
[WhiteElo "2201"]
[BlackElo "1969"]
[WhiteFideId "-1"]
[WhiteFideId "-1"]
[PlyCount "83"]
[GameId "2160767908317379"]
[EventDate "2017.11.02"]
[EventType "swiss"]
[EventRounds "7"]
[EventCountry "CAN"]
[SourceTitle "hb 2017"]

1. d4 Nf6 2. c4 g6 3. Nc3 d5 4. cxd5 Nxd5 5. e4 Nxc3 6. bxc3 Bg7 7. Nf3 c5 8. Be3 Nc6 9. Rc1 cxd4 10. cxd4 O-O 11. d5 Ne5 12. Nxe5 Bxe5 13. f4 Bg7 14. Bc4 b5 15. Bb3 Qa5+ 16. Qd2 b4 17. Bd4 Ba6 18. Rc5 Qxc5 19. Bxc5 Bc3 20. Bxe7 Rfe8 21. d6 Bd3 22. Ba4 Red8 23. e5 Bc4 24. Bxd8 Rxd8 25. Bb3 Bxb3 26. axb3 f6 27. Ke2 Bxd2 28. Kxd2 Kf7 29. Ra1 Rd7 30. Kd3 Ke6 31. Kd4 Rb7 32. Kc5 fxe5 33. fxe5 Rf7 34. Kxb4 Kxe5 35. Kc5 Rf2 36. Re1+ Kf6 37. d7 Rd2 38. Kc6 Rc2+ 39. Kd6 Rd2+ 40. Kc7 Rc2+ 41. Kd8 Rxg2 42. Ke8 1-0

[Event "Scarborough CC Falling Leaves"]
[Site "Toronto CAN"]
[Date "2017.11.02"]
[Round "1.4"]
[White "Sivapathasundaram, Manojh"]
[Black "Picana, Andrew"]
[Result "0-1"]
[WhiteElo "1848"]
[BlackElo "2089"]
[WhiteFideId "-1"]
[WhiteFideId "-1"]
[PlyCount "88"]
[GameId "2160767908317380"]
[EventDate "2017.11.02"]
[EventType "swiss"]
[EventRounds "7"]
[EventCountry "CAN"]
[SourceTitle "hb 2017"]

1. d4 Nf6 2. c4 c5 3. Nc3 cxd4 4. Qxd4 Nc6 5. Qd1 g6 6. e4 Bg7 7. Bd3 d6 8. Nge2 O-O 9. O-O Ne5 10. f3 Bd7 11. Be3 Rc8 12. b3 Nxd3 13. Qxd3 a6 14. Rac1 Qa5 15. Qd2 Rfe8 16. Nd5 Qxd2 17. Bxd2 Nxd5 18. exd5 b5 19. Kf2 bxc4 20. bxc4 Bf5 21. c5 dxc5 22. Be3 c4 23. Bd4 Bh6 24. Be3 Bg7 25. Bd4 Bd3 26. Bxg7 Kxg7 27. Rfd1 Red8 28. Nf4 Bf5 29. g4 Bd7 30. Rd4 Bb5 31. a4 e5 32. Re4 exf4 33. axb5 axb5 34. Rxf4 Rxd5 35. Ke3 Rd3+ 36. Ke2 Ra8 37. Rc2 Raa3 38. Rb2 Re3+ 39. Kf2 Reb3 40. Rc2 c3 41. Ke3 Rb1 42. Rd4 b4 43. Rf4 Ra8 44. Kf2 Rb2 0-1

[Event "Scarborough CC Falling Leaves"]
[Site "Toronto CAN"]
[Date "2017.11.09"]
[Round "2.1"]
[White "Li, William"]
[Black "Yie, Kevin"]
[Result "1/2-1/2"]
[WhiteElo "2209"]
[BlackElo "2070"]
[WhiteFideId "-1"]
[WhiteFideId "-1"]
[PlyCount "52"]
[GameId "2160767908317382"]
[EventDate "2017.11.02"]
[EventType "swiss"]
[EventRounds "7"]
[EventCountry "CAN"]
[SourceTitle "EXT 2022"]
[Source "ChessBase"]
[SourceDate "2021.10.06"]
[SourceVersion "1"]
[SourceVersionDate "2021.10.06"]
[SourceQuality "1"]

1. e4 c5 2. Nf3 e6 3. d4 cxd4 4. Nxd4 Nc6 5. Nc3 Qc7 6. Be2 a6 7. O-O b5 8. a3 Bb7 9. Be3 Nf6 10. Nxc6 dxc6 11. f4 Rd8 12. Qe1 Be7 13. Qf2 c5 14. e5 Ne4 15. Nxe4 Bxe4 16. c4 Bd3 17. Bxd3 Rxd3 18. Rfc1 O-O 19. cxb5 axb5 20. Bxc5 Rd1+ 21. Rxd1 Bxc5 22. Rd4 f6 23. exf6 Rxf6 24. Kh1 Bxd4 25. Qxd4 Qxf4 26. Qxf4 Rxf4 1/2-1/2

[Event "Scarborough CC Falling Leaves"]
[Site "Toronto CAN"]
[Date "2017.11.09"]
[Round "2.2"]
[White "Picana, Andrew"]
[Black "Southam, David"]
[Result "1-0"]
[Annotator ",Microsoft"]
[WhiteElo "2089"]
[BlackElo "2201"]
[WhiteFideId "-1"]
[WhiteFideId "-1"]
[PlyCount "101"]
[GameId "2160767740522646"]
[EventDate "2017.11.02"]
[EventType "swiss"]
[EventRounds "7"]
[EventCountry "CAN"]
[SourceTitle "hb 2017"]

1. d4 e6 2. c4 d5 3. Nf3 c6 4. e3 Nf6 5. Be2 Nbd7 6. Nc3 dxc4 7. Bxc4 b5 8. Bd3 a6 9. O-O c5 10. dxc5 Nxc5 11. Be2 Qxd1 12. Rxd1 Be7 13. b3 Bb7 14. Bb2 O-O 15. Rac1 Rfd8 16. h3 Rac8 17. b4 Ncd7 18. a3 Nb6 19. Nd2 Nfd5 20. Nb3 Nxc3 21. Rxd8+ Rxd8 22. Rxc3 Bd5 23. Nc5 Bxc5 24. Rxc5 Na4 25. Bd4 Nxc5 26. bxc5 f6 27. f4 Rc8 28. Bd3 e5 29. fxe5 fxe5 30. Bf5 Rc7 31. Bxe5 Rxc5 32. Bd6 Rc1+ 33. Kf2 Rc6 34. Be5 g6 35. Bd3 Bc4 36. Bb1 Kf7 37. Bd4 Ke6 38. g4 a5 39. h4 b4 40. axb4 axb4 41. h5 Kf7 42. hxg6+ hxg6 43. Kf3 Bd5+ 44. Kf4 Rc1 45. Bd3 Rd1 46. Bc2 Rd2 47. Bb1 Ba2 48. Be4 Rd1 49. Ke5 Bb1 50. Bd5+ Ke7 51. Bb3 {etc. White won in 54 moves.} 1-0

[Event "Scarborough CC Falling Leaves"]
[Site "Toronto CAN"]
[Date "2017.11.09"]
[Round "2.4"]
[White "Manalo, Pepin"]
[Black "Lei, Sean"]
[Result "0-1"]
[WhiteElo "1870"]
[BlackElo "2111"]
[WhiteFideId "-1"]
[WhiteFideId "-1"]
[PlyCount "96"]
[GameId "2160767908317384"]
[EventDate "2017.11.02"]
[EventType "swiss"]
[EventRounds "7"]
[EventCountry "CAN"]
[SourceTitle "hb 2017"]

1. d4 Nf6 2. Nf3 d6 3. e3 Nbd7 4. Bd3 e5 5. Nbd2 Be7 6. b3 c6 7. Bb2 Qc7 8. O-O O-O 9. Re1 Re8 10. Rc1 Bf8 11. e4 exd4 12. Nxd4 d5 13. c4 Nc5 14. Bb1 dxe4 15. Re3 Bg4 16. Ne2 Nd3 17. Bxf6 Nxc1 18. Qxc1 Bxe2 19. Rg3 Bd3 20. Qc3 g6 21. h4 Bxb1 22. Nxb1 e3 23. Rxe3 Rxe3 24. Qxe3 Qd6 25. Qf3 Re8 26. Bc3 Bg7 27. g3 Bxc3 28. Nxc3 Qe5 29. Kg2 Re6 30. b4 Qd4 31. h5 Rf6 32. Ne2 Rxf3 33. Nxd4 Ra3 34. hxg6 hxg6 35. c5 Rxa2 36. Kf3 Rb2 37. b5 Rxb5 38. Nxb5 cxb5 39. Ke4 b4 40. Kd4 a5 41. Kc4 Kf8 42. Kb5 b3 43. Kb6 b2 44. Kxb7 b1=Q+ 45. Kc7 a4 46. c6 a3 47. Kd7 a2 48. c7 Qb7 0-1

[Event "Scarborough CC Falling Leaves"]
[Site "Toronto CAN"]
[Date "2017.11.09"]
[Round "2.5"]
[White "Qiao, Cindy"]
[Black "Cale, Ferdinand"]
[Result "1/2-1/2"]
[WhiteElo "1958"]
[BlackElo "1853"]
[WhiteFideId "-1"]
[WhiteFideId "-1"]
[PlyCount "95"]
[GameId "2160767908317385"]
[EventDate "2017.11.02"]
[EventType "swiss"]
[EventRounds "7"]
[EventCountry "CAN"]
[SourceTitle "hb 2017"]

1. e4 e6 2. d3 d6 3. Nd2 c6 4. Ngf3 f6 5. g3 g6 6. Bg2 Bg7 7. Qe2 Ne7 8. O-O O-O 9. Rd1 Kh8 10. Nf1 Qe8 11. c3 e5 12. Ne3 Be6 13. b3 Na6 14. Ba3 Rd8 15. Rac1 Nb8 16. d4 Rg8 17. dxe5 dxe5 18. Rxd8 Qxd8 19. Rd1 Qe8 20. Nc4 Nc8 21. Nfd2 b6 22. Bf3 c5 23. Bg4 f5 24. exf5 Bxf5 25. Ne4 Qe6 26. Bf3 h6 27. Nxc5 bxc5 28. Bd5 Qe7 29. Bxg8 Kxg8 30. Ne3 Nb6 31. Qb5 Bf8 32. Bxc5 Qxc5 33. Qxc5 Bxc5 34. Rd8+ Kf7 35. Rxb8 Kf6 36. c4 Bb1 37. a4 Bd4 38. a5 Nd7 39. Nd5+ Ke6 40. Re8+ Kd6 41. Rg8 h5 42. Rc8 Be4 43. Rd8 Bxd5 44. cxd5 Bc3 45. Ra8 Bxa5 46. Rxa7 Bb4 47. Ra8 e4 48. Kf1 1/2-1/2

[Event "Scarborough CC Falling Leaves"]
[Site "Toronto CAN"]
[Date "2017.11.09"]
[Round "2.6"]
[White "Ghazarian, Tigran"]
[Black "Hay, Jonathan"]
[Result "1-0"]
[WhiteElo "1834"]
[BlackElo "1943"]
[WhiteFideId "-1"]
[WhiteFideId "-1"]
[PlyCount "22"]
[GameId "2160767908317386"]
[EventDate "2017.11.02"]
[EventType "swiss"]
[EventRounds "7"]
[EventCountry "CAN"]
[SourceTitle "hb 2017"]

1. e4 c6 2. Nf3 d5 3. Nc3 Nf6 4. e5 Ne4 5. h3 Bf5 6. Be2 e6 7. O-O Be7 8. Re1 Qb6 9. d4 Nxc3 10. bxc3 c5 11. Rb1 Qxb1 1-0

[Event "Scarborough CC Falling Leaves"]
[Site "Toronto CAN"]
[Date "2017.11.09"]
[Round "2.7"]
[White "Zhao, Yanchun"]
[Black "Feng, Richard"]
[Result "0-1"]
[WhiteElo "2206"]
[BlackElo "1899"]
[WhiteFideId "-1"]
[WhiteFideId "-1"]
[PlyCount "92"]
[GameId "2160767908317387"]
[EventDate "2017.11.02"]
[EventType "swiss"]
[EventRounds "7"]
[EventCountry "CAN"]
[SourceTitle "hb 2017"]

1. d4 f5 2. e4 fxe4 3. Nc3 Nf6 4. Bg5 b6 5. Bxf6 exf6 6. Qh5+ g6 7. Qd5 Nc6 8. Qxe4+ Qe7 9. O-O-O Bh6+ 10. Kb1 Qxe4 11. Nxe4 Bg7 12. d5 Ne5 13. d6 f5 14. Ng5 Ng4 15. N5h3 c5 16. Re1+ Kf8 17. f3 Ne5 18. Nf4 Nf7 19. Nd5 Bb7 20. Nc7 Rc8 21. Nb5 a6 22. Nc7 Nxd6 23. Nxa6 b5 24. Rd1 Be5 25. Ne2 g5 26. h4 Bxa6 27. hxg5 b4 28. f4 Bxe2 29. Bxe2 Bxf4 30. Rhf1 Be5 31. Rd5 Bg3 32. Rf3 Bh2 33. Rh3 Bf4 34. g3 Re8 35. gxf4 Rxe2 36. b3 Ne4 37. Rxf5+ Kg7 38. Rd5 Nc3+ 39. Rxc3 bxc3 40. Rxd7+ Kg6 41. a4 Re1+ 42. Ka2 Rc1 43. Rd6+ Kh5 44. Rd5 Rxc2+ 45. Ka3 Kg4 46. Rxc5 Kxf4 0-1

[Event "Scarborough CC Falling Leaves"]
[Site "Toronto CAN"]
[Date "2017.11.09"]
[Round "2.8"]
[White "Uthayakumar, Ronan"]
[Black "Zheng, Kevin"]
[Result "0-1"]
[WhiteElo "1812"]
[BlackElo "1980"]
[WhiteFideId "-1"]
[WhiteFideId "-1"]
[PlyCount "74"]
[GameId "2160767908317388"]
[EventDate "2017.11.02"]
[EventType "swiss"]
[EventRounds "7"]
[EventCountry "CAN"]
[SourceTitle "hb 2017"]

1. e4 c5 2. Nf3 Nc6 3. d4 cxd4 4. Nxd4 g6 5. Be2 Bg7 6. Nb3 Nf6 7. Nc3 O-O 8. O-O d6 9. Re1 Be6 10. Bf1 a6 11. Nd5 b5 12. a4 b4 13. a5 Nd7 14. Qd2 Qb8 15. Ra4 Nc5 16. Nxc5 dxc5 17. Nb6 Rd8 18. Qg5 c4 19. Qc5 Nd4 20. Nxa8 Qxa8 21. c3 bxc3 22. bxc3 Nb3 23. Qe3 Qc6 24. Qb6 Qxb6 25. axb6 Bxc3 26. Re3 Bd4 27. Re1 Bxb6 28. Bxc4 Nc5 29. Rb4 Ba5 30. Bxe6 Bxb4 31. Rf1 Nxe6 32. Be3 a5 33. Ra1 Nc5 34. f3 Nb3 35. Ra2 e5 36. Kf2 Nd4 37. Kg3 Rc8 0-1

[Event "Scarborough CC Falling Leaves"]
[Site "Toronto CAN"]
[Date "2017.11.16"]
[Round "3.2"]
[White "Hay, Jonathan"]
[Black "Li, William"]
[Result "0-1"]
[WhiteElo "1943"]
[BlackElo "2209"]
[WhiteFideId "-1"]
[WhiteFideId "-1"]
[PlyCount "142"]
[GameId "2160767908317390"]
[EventDate "2017.11.02"]
[EventType "swiss"]
[EventRounds "7"]
[EventCountry "CAN"]
[SourceTitle "hb 2017"]

1. d4 Nf6 2. Bf4 c5 3. e3 d5 4. c3 e6 5. Nd2 Nc6 6. Ngf3 Be7 7. Ne5 Nxe5 8. dxe5 Nd7 9. Bd3 b6 10. Nf3 Bb7 11. h4 h6 12. Qe2 a6 13. Rd1 b5 14. e4 Qc8 15. Kf1 Nb6 16. Nd2 Qc6 17. Qg4 g6 18. exd5 Nxd5 19. Be4 O-O-O 20. Qf3 c4 21. Kg1 f5 22. exf6 Bxf6 23. Re1 Rdf8 24. Bxd5 Qxd5 25. Qxd5 Bxd5 26. Be5 Bxe5 27. Rxe5 Kc7 28. Rh3 Rf4 29. Nf3 Rhf8 30. Re3 Bxf3 31. gxf3 Kd6 32. Kg2 R8f6 33. Re4 Kd5 34. Rxf4 Rxf4 35. Kg3 Rf5 36. Rh1 Re5 37. Rd1+ Kc5 38. Rd2 a5 39. a3 b4 40. axb4+ axb4 41. Kf4 bxc3 42. bxc3 Rf5+ 43. Kg3 Rd5 44. Re2 Kd6 45. Re4 Rc5 46. Kf4 Rf5+ 47. Ke3 Kd5 48. Rd4+ Kc5 49. Re4 e5 50. Rg4 Rf6 51. Re4 Kd5 52. f4 exf4+ 53. Rxf4 Re6+ 54. Kd2 Re4 55. Rf6 Rxh4 56. Rxg6 Rh3 57. Rg8 Rd3+ 58. Kc2 Rf3 59. Rg2 Ke4 60. Rh2 h5 61. Rh4+ Rf4 62. Rxh5 Rxf2+ 63. Kc1 Re2 64. Rh4+ Kd3 65. Rh3+ Re3 66. Rxe3+ Kxe3 67. Kb1 Kd3 68. Kb2 Kd2 69. Kb1 Kxc3 70. Kc1 Kd3 71. Kd1 c3 0-1

[Event "Scarborough CC Falling Leaves"]
[Site "Toronto CAN"]
[Date "2017.11.16"]
[Round "3.3"]
[White "Cale, Ferdinand"]
[Black "Southam, David"]
[Result "0-1"]
[WhiteElo "1853"]
[BlackElo "2201"]
[WhiteFideId "-1"]
[WhiteFideId "-1"]
[PlyCount "86"]
[GameId "2160767908317391"]
[EventDate "2017.11.02"]
[EventType "swiss"]
[EventRounds "7"]
[EventCountry "CAN"]
[SourceTitle "hb 2017"]

1. e4 e6 2. d4 d5 3. exd5 exd5 4. c3 Bd6 5. Be3 Nf6 6. Nd2 Ng4 7. Ndf3 O-O 8. Qd2 Re8 9. O-O-O Nxe3 10. fxe3 Nd7 11. Bd3 Nf6 12. Re1 b6 13. Ne2 c5 14. Kb1 c4 15. Bc2 b5 16. Ng3 Bb7 17. Nf5 Bf8 18. Ng5 g6 19. Ng3 Bd6 20. Nf3 Ne4 21. Nxe4 dxe4 22. Ng1 a5 23. Ne2 b4 24. Ka1 Qe7 25. Ba4 Red8 26. g3 Rac8 27. Rhf1 Bc6 28. Bxc6 Rxc6 29. Rf2 a4 30. Ref1 Rf8 31. Nf4 a3 32. Nd5 axb2+ 33. Kb1 Qa7 34. Nf6+ Kg7 35. Ne8+ Rxe8 36. Rxf7+ Qxf7 37. Rxf7+ Kxf7 38. d5 Rc7 39. Qxb2 Rb7 40. Qf2+ Kg7 41. Qf1 bxc3+ 42. Kc2 Rb2+ 43. Kc1 Ba3 0-1

[Event "Scarborough CC Falling Leaves"]
[Site "Toronto CAN"]
[Date "2017.11.16"]
[Round "3.4"]
[White "Rusonik, Max"]
[Black "Sharpe, Sam"]
[Result "1-0"]
[WhiteElo "2005"]
[BlackElo "1921"]
[WhiteFideId "-1"]
[WhiteFideId "-1"]
[PlyCount "115"]
[GameId "2160767908317392"]
[EventDate "2017.11.02"]
[EventType "swiss"]
[EventRounds "7"]
[EventCountry "CAN"]
[SourceTitle "hb 2017"]

1. e4 e6 2. d4 d5 3. Nc3 dxe4 4. Nxe4 Nd7 5. Nf3 Ngf6 6. Bd3 c5 7. O-O Nxe4 8. Bxe4 Nf6 9. Bd3 cxd4 10. Nxd4 Be7 11. Bf4 a6 12. c3 O-O 13. Qc2 h6 14. Rad1 Bd7 15. Nf3 Qb6 16. Ne5 Rfd8 17. Nc4 Qa7 18. Bc7 Rdc8 19. Bb6 Qb8 20. Rfe1 Bb5 21. Ne5 Bxd3 22. Rxd3 Bc5 23. Bxc5 Rxc5 24. f4 Qa7 25. Qf2 Rd5 26. Qxa7 Rxa7 27. Red1 Rxd3 28. Rxd3 Nd5 29. c4 Nxf4 30. Rd8+ Kh7 31. Nxf7 b5 32. Ne5 bxc4 33. Nxc4 Rc7 34. b3 Rc6 35. Kf2 Nd5 36. Rd6 Rxd6 37. Nxd6 g5 38. Ne4 Kg6 39. Nc5 Nc7 40. g4 Kf6 41. Nd3 e5 42. Kf3 Nd5 43. a4 Nc3 44. Nc5 a5 45. Nb7 e4+ 46. Ke3 Ke5 47. Nxa5 Nd5+ 48. Kf2 Kf4 49. Nc4 e3+ 50. Ke2 Nc3+ 51. Kd3 e2 52. Kd2 Kf3 53. Ne5+ Ke4 54. Nd3 Kd4 55. a5 e1=Q+ 56. Nxe1 Ne4+ 57. Ke2 Kc3 58. a6 1-0

[Event "Scarborough CC Falling Leaves"]
[Site "Toronto CAN"]
[Date "2017.11.16"]
[Round "3.5"]
[White "Huang, Youhe"]
[Black "Qiao, Cindy"]
[Result "1-0"]
[WhiteElo "1807"]
[BlackElo "1958"]
[WhiteFideId "-1"]
[WhiteFideId "-1"]
[PlyCount "69"]
[GameId "2160767908317393"]
[EventDate "2017.11.02"]
[EventType "swiss"]
[EventRounds "7"]
[EventCountry "CAN"]
[SourceTitle "hb 2017"]

1. e4 c5 2. Nf3 d6 3. Bb5+ Nd7 4. c3 Ngf6 5. Qe2 a6 6. Ba4 b5 7. Bb3 h6 8. d4 cxd4 9. cxd4 Qc7 10. Nc3 Bb7 11. e5 dxe5 12. Nxe5 e6 13. Nxf7 Bxg2 14. Qxe6+ Be7 15. Nxh8 Bxh1 16. Ng6 Qd6 17. Qf7+ Kd8 18. Bf4 Qxd4 19. Qxe7+ Kc8 20. Rd1 Qb6 21. Rxd7 Nxd7 22. Qe8+ Qd8 23. Ne7+ Kb7 24. Qf7 Nc5 25. Nf5+ Kb6 26. Be3 Rc8 27. Ne7 Ka5 28. Ncd5 Nd3+ 29. Ke2 Nc1+ 30. Kd1 Nxb3 31. axb3 Bxd5 32. Nxd5 Rb8 33. Qf5 Qd6 34. b4+ Ka4 35. Qc2# 1-0

[Event "Scarborough CC Falling Leaves"]
[Site "Toronto CAN"]
[Date "2017.11.16"]
[Round "3.7"]
[White "Ghazarian, Tigran"]
[Black "De Costa, Alex"]
[Result "0-1"]
[WhiteElo "1834"]
[BlackElo "1874"]
[WhiteFideId "-1"]
[WhiteFideId "-1"]
[PlyCount "76"]
[GameId "2160767908317394"]
[EventDate "2017.11.02"]
[EventType "swiss"]
[EventRounds "7"]
[EventCountry "CAN"]
[SourceTitle "hb 2017"]

1. e4 c5 2. Nf3 e6 3. c3 Nf6 4. e5 Nd5 5. d4 cxd4 6. cxd4 d6 7. Nc3 Nxc3 8. bxc3 Nc6 9. Bf4 Be7 10. Bd3 dxe5 11. Nxe5 Nxe5 12. Bxe5 O-O 13. O-O Bd6 14. Bxd6 Qxd6 15. Qe2 Rd8 16. Bc2 g6 17. Rfe1 Bd7 18. h4 Bc6 19. Qe3 Bd5 20. h5 Rac8 21. Rac1 Rc7 22. Qg5 Rdc8 23. Rcd1 Qf8 24. Be4 Bxe4 25. Rxe4 Rxc3 26. Rh4 Rc2 27. g3 Rxa2 28. Kg2 Rcc2 29. Rf1 h6 30. Qf6 Qg7 31. Qd8+ Kh7 32. Rf4 gxh5 33. Rf6 Rc3 34. Kh1 h4 35. Qe7 hxg3 36. Rg1 g2+ 37. Kh2 Raa3 38. Rxg2 Rh3+ 0-1

[Event "Scarborough CC Falling Leaves"]
[Site "Toronto CAN"]
[Date "2017.11.16"]
[Round "3.8"]
[White "Zhao, Yanchun"]
[Black "Manalo, Pepin"]
[Result "0-1"]
[WhiteElo "2206"]
[BlackElo "1870"]
[WhiteFideId "-1"]
[WhiteFideId "-1"]
[PlyCount "94"]
[GameId "2160767908317395"]
[EventDate "2017.11.02"]
[EventType "swiss"]
[EventRounds "7"]
[EventCountry "CAN"]
[SourceTitle "hb 2017"]

1. d4 Nf6 2. Nf3 d5 3. e3 b6 4. Bd3 Bb7 5. Nbd2 Ne4 6. O-O e6 7. Ne5 Bd6 8. f4 Bxe5 9. fxe5 Qg5 10. Qf3 Qg6 11. Qf4 O-O 12. Nf3 c5 13. c3 Nd7 14. a4 f5 15. exf6 Ndxf6 16. Ne5 Qh5 17. Qf3 Qh6 18. Qe2 c4 19. Bc2 Qg5 20. Bd1 Rad8 21. Bd2 Nxd2 22. Qxd2 Ne4 23. Rxf8+ Rxf8 24. Qe1 Rf2 25. Bf3 Rxb2 26. Bxe4 dxe4 27. g3 Qh6 28. h4 Bd5 29. a5 b5 30. a6 g5 31. Qf1 Qf8 32. Qxf8+ Kxf8 33. Rf1+ Ke8 34. Rf7 b4 35. cxb4 c3 36. Rxh7 c2 37. Rh8+ Ke7 38. Rh7+ Kf8 39. Nd7+ Ke8 40. Nf6+ Kd8 41. Rh8+ Kc7 42. Nxd5+ exd5 43. Rh7+ Kb6 44. Rb7+ Kxa6 45. Rc7 gxh4 46. gxh4 Rb1+ 47. Kg2 c1=Q 0-1

[Event "Scarborough CC Falling Leaves"]
[Site "Toronto CAN"]
[Date "2017.11.30"]
[Round "5.1"]
[White "Picana, Andrew"]
[Black "Li, William"]
[Result "1/2-1/2"]
[WhiteElo "2089"]
[BlackElo "2209"]
[WhiteFideId "-1"]
[WhiteFideId "-1"]
[PlyCount "50"]
[GameId "2160767908317396"]
[EventDate "2017.11.02"]
[EventType "swiss"]
[EventRounds "7"]
[EventCountry "CAN"]
[SourceTitle "hb 2017"]

1. d4 Nf6 2. Nf3 e6 3. c4 b6 4. g3 Ba6 5. Qc2 Bb7 6. Nc3 Bb4 7. Bg2 c5 8. O-O cxd4 9. Nxd4 Bxg2 10. Kxg2 O-O 11. Rd1 Qc8 12. a3 Bxc3 13. Qxc3 d5 14. cxd5 Qxc3 15. bxc3 Nxd5 16. Bb2 Rc8 17. Rac1 Na6 18. c4 Ne7 19. Nb5 Nc5 20. Be5 Nc6 21. Bf4 Na5 22. Nc7 Rab8 23. Nb5 Ra8 24. Nc7 Rab8 25. Nb5 Ra8 1/2-1/2

[Event "Scarborough CC Falling Leaves"]
[Site "Toronto CAN"]
[Date "2017.11.30"]
[Round "5.2"]
[White "Huang, Youhe"]
[Black "Southam, David"]
[Result "0-1"]
[WhiteElo "1807"]
[BlackElo "2201"]
[WhiteFideId "-1"]
[WhiteFideId "-1"]
[PlyCount "38"]
[GameId "2160767908317397"]
[EventDate "2017.11.02"]
[EventType "swiss"]
[EventRounds "7"]
[EventCountry "CAN"]
[SourceTitle "hb 2017"]

1. e4 e6 2. d4 d5 3. Nc3 Bb4 4. a3 Bxc3+ 5. bxc3 dxe4 6. Qg4 Nf6 7. Qxg7 Rg8 8. Qh6 Rg6 9. Qd2 b6 10. Ne2 Bb7 11. Ng3 Nbd7 12. c4 c5 13. c3 Qc7 14. Ne2 O-O-O 15. Nf4 Rg7 16. d5 Ne5 17. Bb2 exd5 18. cxd5 Nxd5 19. c4 Nxf4 0-1

[Event "Scarborough CC Falling Leaves"]
[Site "Toronto CAN"]
[Date "2017.11.30"]
[Round "5.3"]
[White "Lei, Sean"]
[Black "Zheng, Kevin"]
[Result "1-0"]
[WhiteElo "2111"]
[BlackElo "1980"]
[WhiteFideId "-1"]
[WhiteFideId "-1"]
[PlyCount "80"]
[GameId "2160767908317398"]
[EventDate "2017.11.02"]
[EventType "swiss"]
[EventRounds "7"]
[EventCountry "CAN"]
[SourceTitle "hb 2017"]

1. e4 c5 2. Nf3 Nc6 3. c3 Nf6 4. e5 Nd5 5. d4 cxd4 6. Bc4 Nb6 7. Bb3 d6 8. exd6 Qxd6 9. cxd4 g6 10. Nc3 Bg7 11. O-O O-O 12. Nb5 Qd8 13. d5 Nb4 14. d6 Bf5 15. Bg5 Bf6 16. Bh6 Bxb2 17. Bxf8 Qxf8 18. Qe2 Bxa1 19. dxe7 Qb8 20. Rxa1 Bd3 21. Qd2 a5 22. a3 Bxb5 23. axb4 a4 24. Ba2 Bc4 25. Qh6 f6 26. Bxc4+ Nxc4 27. Qh4 Ne5 28. Qxf6 Nxf3+ 29. gxf3 Ra6 30. Rd1 Qe8 31. Qe5 Kf7 32. Re1 b5 33. Qd5+ Kg7 34. Re4 a3 35. Qd8 Ra8 36. Qxa8 Qxa8 37. e8=Q Qxe8 38. Rxe8 Kf6 39. Ra8 Ke5 40. Rxa3 Kd4 1-0

[Event "Scarborough CC Falling Leaves"]
[Site "Toronto CAN"]
[Date "2017.11.30"]
[Round "5.4"]
[White "Rusonik, Max"]
[Black "Manalo, Pepin"]
[Result "1/2-1/2"]
[WhiteElo "2005"]
[BlackElo "1870"]
[WhiteFideId "-1"]
[WhiteFideId "-1"]
[PlyCount "86"]
[GameId "2160767908317399"]
[EventDate "2017.11.02"]
[EventType "swiss"]
[EventRounds "7"]
[EventCountry "CAN"]
[SourceTitle "hb 2017"]

1. e4 c5 2. Nf3 d6 3. d4 cxd4 4. Nxd4 e5 5. Nb5 a6 6. N5c3 Be6 7. Be3 Nf6 8. Be2 Qa5 9. O-O Nbd7 10. Nd2 b5 11. Nb3 Qc7 12. Qd2 Rc8 13. a3 Be7 14. Nc1 O-O 15. Nd3 Nb6 16. Nb4 Qb7 17. f3 Nc4 18. Bxc4 Bxc4 19. Rfd1 Rfd8 20. a4 a5 21. Nbd5 Bxd5 22. Nxd5 Nxd5 23. Qxd5 Qxd5 24. Rxd5 bxa4 25. Bb6 Rd7 26. c3 Rb7 27. Bxa5 Rxb2 28. Rxa4 g6 29. Rb4 Rc2 30. Rb7 Kf8 31. Bb4 Ra8 32. Ra5 Rxa5 33. Bxa5 Bg5 34. Rb1 Be3+ 35. Kh1 Ke7 36. Rd1 Bc5 37. Rb1 h5 38. h3 Ke6 39. Bb4 Be3 40. Rd1 Bc5 41. Rb1 Be3 42. Rd1 Bd2 43. Kg1 Be3+ 1/2-1/2

[Event "Scarborough CC Falling Leaves"]
[Site "Toronto CAN"]
[Date "2017.11.30"]
[Round "5.5"]
[White "De Costa, Alex"]
[Black "Palacios, Bobby"]
[Result "0-1"]
[WhiteElo "1874"]
[BlackElo "2015"]
[WhiteFideId "-1"]
[WhiteFideId "-1"]
[PlyCount "52"]
[GameId "2160767908317400"]
[EventDate "2017.11.02"]
[EventType "swiss"]
[EventRounds "7"]
[EventCountry "CAN"]
[SourceTitle "hb 2017"]

1. e4 c5 2. Nf3 d6 3. Bb5+ Nd7 4. O-O a6 5. Bc4 Ngf6 6. Re1 b5 7. Bf1 Bb7 8. d3 g6 9. c3 Bg7 10. Nbd2 O-O 11. g3 Qc7 12. Bg2 Rad8 13. Nf1 c4 14. Bf4 cxd3 15. Qxd3 Nc5 16. Qe2 Nfxe4 17. Rad1 e5 18. Bc1 h6 19. N1d2 f5 20. Nxe4 fxe4 21. Nd2 Nd3 22. Rf1 d5 23. Nb3 a5 24. Be3 g5 25. Nc1 d4 26. Nxd3 exd3 0-1

[Event "Scarborough CC Falling Leaves"]
[Site "Toronto CAN"]
[Date "2017.11.30"]
[Round "5.6"]
[White "Feng, Richard"]
[Black "Uthayakumar, Ronan"]
[Result "0-1"]
[WhiteElo "1899"]
[BlackElo "1812"]
[WhiteFideId "-1"]
[WhiteFideId "-1"]
[PlyCount "50"]
[GameId "2160767908317401"]
[EventDate "2017.11.02"]
[EventType "swiss"]
[EventRounds "7"]
[EventCountry "CAN"]
[SourceTitle "hb 2017"]

1. e4 c5 2. Nf3 Nc6 3. d4 cxd4 4. Nxd4 g6 5. c4 Nf6 6. Nc3 Nxd4 7. Qxd4 d6 8. Bg5 Bg7 9. Nd5 O-O 10. Nxf6+ exf6 11. Bf4 f5 12. Qd2 Re8 13. O-O-O Qf6 14. Bg5 Qe5 15. f4 Qxe4 16. Qxd6 Be6 17. Bd3 Qxg2 18. Qb4 b5 19. Rhg1 Qf2 20. c5 Bxa2 21. Bxb5 Re4 22. Qa3 Bxb2+ 23. Qxb2 Qxc5+ 24. Bc4 Rxc4+ 25. Kd2 Qf2+ 0-1